000 00565nam a2200193 a 4500
001 1971
005 20140414131901.0
008 041223s19uu xx 00 eng d
020 _a0-590-48120-7
050 _aFIC
_bC51 1994
100 _aClymer, Susan
245 _aThere's a hamster in my lunchbox /
_cby Susan Clymer ; illustrated by Paul Casale.
260 _aNew York :
_bScholastic,
_c1994.
300 _a120 p. ; cm.
520 _aThe new class pet is full of surprises!
650 _aHamsters
_xFiction.
650 _aPets
_xFiction.
999 _c110657
_d110657